000 00920nam a2200277 a 4500
999 _c25916
_d25916
001 4316171
003 OSt
005 20170201150955.0
008 870629s1988 caua b 001 0 eng
010 _a 87081893
020 _a0155414968
040 _aDLC
_cDLC
_dDLC
050 0 0 _aHB172
_b.C55 1988
082 0 0 _a338.5
_219
100 1 _aClower, Robert W.
245 1 0 _aIntermediate microeconomics /
_cRobert W. Clower, Philip E. Graves, Robert L. Sexton.
260 _aSan Diego :
_bHarcourt Brace Jovanovich,
_cc1988.
300 _axxii, 519 p. :
_bill. ;
_c24 cm.
504 _aIncludes bibliographies and index.
650 0 _aMicroeconomics.
700 1 _aGraves, Philip E.
700 1 _aSexton, Robert L.
906 _a7
_bcbc
_corignew
_d3
_eopcn
_f19
_gy-gencatlg
942 _2lcc
_cBOOKS
_hHB 172 .C56 1998